MCSE guide to Microsoft Windows 2000 professional certification edition

Spremljeno u:
Bibliografski detalji
Glavni autor: Tittel, Ed
Daljnji autori: Johnson, David, Stewart, James Michael
Format: Knjiga
Jezik:English
Izdano: Boston, MA Course Technology 2003
Serija:Networking
Teme:
Oznake: Dodaj oznaku
Bez oznaka, Budi prvi tko označuje ovaj zapis!
Thư viện lưu trữ: Trung tâm Học liệu Lê Vũ Hùng, Trường Đại học Đồng Tháp
LEADER 01035pam a22002778a 4500
001 00023776
005 20171026081023.0
008 110629s2003 ||||||engsd
020 # # |a 0619186828 
041 0 # |a eng 
082 1 4 |a 005.4  |b MCS200 
100 1 # |a Tittel, Ed 
245 1 0 |a MCSE guide to Microsoft Windows 2000 professional certification edition  |c Ed Tittel, James Michael Stewart, David Johnson 
246 3 0 |a Microsoft Windows 2000 professional certification edition 
260 # # |a Boston, MA  |b Course Technology  |c 2003 
300 # # |a xxiii,160 p.  |b ill.  |c 24 cm  |e 1 CD ROM (4 3/4 in.) 
490 # # |a Networking 
650 # 4 |a Microsoft Windows (Tệp máy tính) 
650 # 4 |a Phần mềm Microsoft 
650 # 4 |a Xử lý dữ liệu điện tử cá nhân 
700 1 # |a Johnson, David 
700 1 # |a Stewart, James Michael 
852 # # |b Kho đọc  |j KD.0008280 
852 # # |j KD.0008280 
910 0 # |a Ntuyet  |d 29/06/2011 
980 # # |a Trung tâm Học liệu Lê Vũ Hùng, Trường Đại học Đồng Tháp